Marbled paper design = (Record no. 25666)
[ view plain ]
| 000 -LEADER | |
|---|---|
| fixed length control field | 01670cam a22004575i 4500 |
| 001 - CONTROL NUMBER | |
| control field | ocn148662904 |
| 003 - CONTROL NUMBER IDENTIFIER | |
| control field | EG-ScBUE |
| 005 - DATE AND TIME OF LATEST TRANSACTION | |
| control field | 20230104112811.0 |
| 006 - FIXED-LENGTH DATA ELEMENTS--ADDITIONAL MATERIAL CHARACTERISTICS--GENERAL INFORMATION | |
| fixed length control field | m||||fq||h 00| 0 |
| 008 - FIXED-LENGTH DATA ELEMENTS--GENERAL INFORMATION | |
| fixed length control field | 070302t2007 ne a f 000 0 eng d |
| 020 ## - INTERNATIONAL STANDARD BOOK NUMBER | |
| International Standard Book Number | 9789057681073 |
| 040 ## - CATALOGING SOURCE | |
| Original cataloging agency | BTCTA |
| Language of cataloging | eng |
| Description conventions | rda |
| Transcribing agency | BTCTA |
| Modifying agency | BAKER |
| -- | SINLB |
| -- | YDXCP |
| -- | NLGGC |
| -- | UVV |
| -- | IUL |
| -- | EG-ScBUE |
| 041 0# - LANGUAGE CODE | |
| Language code of text/sound track or separate title | eng |
| -- | ger |
| -- | fre |
| -- | spa |
| -- | ita |
| -- | por |
| -- | rus |
| -- | jpn |
| -- | chi |
| 082 04 - DEWEY DECIMAL CLASSIFICATION NUMBER | |
| Edition number | 22 |
| Classification number | 745.7 |
| Item number | MAR |
| 245 00 - TITLE STATEMENT | |
| Title | Marbled paper design = |
| Remainder of title | Papel marmoreado = Les papiers marbrés = Marmorpapier = Papel de aguas = Carte marmorizzate = Da li shi wen zhi ... / |
| Statement of responsibility, etc | [design & text Pepin van Roojan] |
| 246 31 - VARYING FORM OF TITLE | |
| Title proper/short title | Papel marmoreado |
| 246 31 - VARYING FORM OF TITLE | |
| Title proper/short title | Les papiers marbrés |
| 246 31 - VARYING FORM OF TITLE | |
| Title proper/short title | Marmorpapier |
| 246 31 - VARYING FORM OF TITLE | |
| Title proper/short title | Papel de aguas |
| 246 31 - VARYING FORM OF TITLE | |
| Title proper/short title | Carte marmorizzate |
| 246 31 - VARYING FORM OF TITLE | |
| Title proper/short title | Da li shi wen zhi |
| 264 #1 - PUBLICATION, DISTRIBUTION, ETC. (IMPRINT) | |
| Place of publication, distribution, etc | Amsterdam : |
| Name of publisher, distributor, etc | Pepin Press, |
| Date of publication, distribution, etc | [2007] |
| 264 #4 - PUBLICATION, DISTRIBUTION, ETC. (IMPRINT) | |
| Date of publication, distribution, etc | c2007 |
| 300 ## - PHYSICAL DESCRIPTION | |
| Extent | 144 pages : |
| Other physical details | illustrations ; |
| Dimensions | 22 cm. + |
| Accompanying material | 1 CD |
| 336 ## - CONTENT TYPE | |
| Source | rdacontent |
| Content type term | sounds |
| Content type code | snd |
| 336 ## - CONTENT TYPE | |
| Source | rdacontent |
| Content type term | text |
| Content type code | txt |
| 337 ## - MEDIA TYPE | |
| Source | rdamedia |
| Media type term | audio |
| Media type code | s |
| 337 ## - MEDIA TYPE | |
| Source | rdamedia |
| Media type term | unmediated |
| Media type code | n |
| 338 ## - CARRIER TYPE | |
| Source | rdacarrier |
| Carrier type term | volume |
| Carrier type code | nc |
| 338 ## - CARRIER TYPE | |
| Source | rdacarrier |
| Carrier type term | computer disc |
| Carrier type code | cd |
| 490 0# - SERIES STATEMENT | |
| Series statement | Agile rabbit editions |
| 500 ## - GENERAL NOTE | |
| General note | Parallel title also in Russian and Japanese. |
| 546 ## - LANGUAGE NOTE | |
| Language note | Text in English, German, French, Spanish, Italian, Portugese, Russian, Japanese and Chinese. |
| 650 #7 - SUBJECT ADDED ENTRY--TOPICAL TERM | |
| Topical term or geographic name as entry element | Marbled papers |
| Form subdivision | Pictorial works. |
| Source of heading or term | BUEsh |
| 650 #7 - SUBJECT ADDED ENTRY--TOPICAL TERM | |
| Topical term or geographic name as entry element | Marbling (Bookbinding) |
| Form subdivision | Pictorial works. |
| Source of heading or term | BUEsh |
| 651 ## - SUBJECT ADDED ENTRY--GEOGRAPHIC NAME | |
| Source of heading or term | BUEsh |
| 653 ## - INDEX TERM--UNCONTROLLED | |
| Resource For college | Communication and mass media |
| Arrived date list | November2017 |
| 655 ## - INDEX TERM--GENRE/FORM | |
| Form subdivision | Reading book |
| 700 1# - ADDED ENTRY--PERSONAL NAME | |
| Personal name | Roojen, Pepin van, |
| Relator term | designer. |
| 942 ## - ADDED ENTRY ELEMENTS (KOHA) | |
| Source of classification or shelving scheme | Dewey Decimal Classification |
| Koha item type | Book - Borrowing |
| Withdrawn status | Lost status | Source of classification or shelving scheme | Damaged status | Not for loan | Collection code | Home library | Current library | Shelving location | Date acquired | Source of acquisition | Cost, normal purchase price | Serial Enumeration / chronology | Total Checkouts | Full call number | Barcode | Date last seen | Cost, replacement price | Koha item type |
|---|---|---|---|---|---|---|---|---|---|---|---|---|---|---|---|---|---|---|
| Dewey Decimal Classification | International Marketing Center | Central Library | Central Library | Second Floor | 26/11/2017 | Purchase | 160.00 | 2247 | 745.7 MAR | 000042563 | 15/07/2025 | 200.00 | Book - Borrowing | |||||
| Dewey Decimal Classification | International Marketing Center | Central Library | Central Library | Second Floor | 26/11/2017 | Purchase | 160.00 | 2247 | 745.7 MAR | 000042564 | 24/08/2022 | 200.00 | CD | DVD - With book |